my spotify list - Statistics

General Stats
  • This quiz has been taken 13 times
  • The average score is 94 of 473
Answer Stats
song artist % Correct
One Metallica
75%
RISE I Prevail
75%
115 Brian Tuey, Treyarch Sound, Kevin Sherwood, Elena Siegman
50%
Air Marcus & Martinus
50%
Bad guy Billie Eillish
50%
Bang bang Jessie J, Ariana Grande, Nicky Minaj
50%
Blood In this moment
50%
Blood & glitter Lord of the Lost
50%
Blood in the cut K. Flay
50%
Bloodmoney Poppy
50%
Crazy Franka
50%
Crazy in love Beyonce | Sofia Karlberg
50%
Dark horse Katy Perry
50%
Dark side Bishop briggs | Blind Channel
50%
Giver K. Flay
50%
Hayloft II Mother Mother
50%
Heathens Twenty one pilots
50%
Hello Adele
50%
High enough K. Flay
50%
Hollaback girl Gwen Stefani
50%
Hou je bek en bef me Merol
50%
I hate everything about you Three days grace
50%
In the end Linkin Park
50%
Make me wanna die Pretty Wreckless
50%
Master of puppets Metallica
50%
Monster Meg Myers | Skillet
50%
Numb Linkin Park
50%
Oops!...I did it again Britney Spears
50%
Oro Jelena Tomasevic
50%
Poker face Lady Gaga
50%
Popular Eric Saade
50%
Popular monster Falling in Reverse
50%
Problem Ariana Grande, Iggy Azalea
50%
Rain on me Lady Gaga, Ariana Grande
50%
Rise like a phoenix Conchita Wurst
50%
River Bishop Briggs | Ochman
50%
Rolling in the deep Adele
50%
Savage Megan Thee Stallion
50%
Skyfall Adele
50%
Stressed out Twenty one pilots
50%
Sweater weather The Neighbourhood
50%
Take me to church Hozier
50%
The voice Eimar Quinn
50%
TiK ToK Kesha
50%
Toy Netta
50%
Unarmed Dex Arson, Emily Abela
50%
WAP Cardi B
50%
Who the hell is Edgar? Teya & Salena
50%
You're gonna say yeah Hush Puppies
50%
1944 Jamala
25%
Alchohol you Roxen
25%
Amanecer Edurne
25%
Amen Ana Soklic
25%
Amnesia Roxen
25%
Another life Motionless in white
25%
Attention Ulrikke
25%
Back to black Amy Winehouse
25%
Bad philosophy Elisa
25%
Beautiful disaster 311
25%
Before i forget Slipknot
25%
Bicycle chain EZG, Steen
25%
Big bad wolf In this moment
25%
Black wedding In this moment & Rob Halford
25%
Bleeding sun Chelsea Grin
25%
Bleed it out Linkin Park
25%
Blinded As i lay dying
25%
Blood Water Grandson
25%
Blue bird Akano
25%
Bodies Drowning Pool
25%
Bones Equinox
25%
Borderline Merol
25%
Boss bitch Famke Louise
25%
Bow down I Prevail
25%
Bridges Alika
25%
Bring me to life Evanescense
25%
Bulletproof Dotter
25%
Burning bridges Bea Miller
25%
B.Y.O.B. System of a down
25%
Calm after the storm The common Linnets
25%
Children of the sun Thomas Bergensen, Merethe Soltvedt
25%
Chop suey! Syster of a down
25%
Coincidence Rosse
25%
Cold as ice Blacklite district
25%
Cry Xtrullor
25%
Cure for me Aurora
25%
Danca conmigo Sabrina
25%
Death's grip Galactic Pegasus
25%
Desire Meg Myers
25%
Diamond days Cruel Youth
25%
Die MF die Dope
25%
Ding-a-dong Teach In
25%
Dirty thoughts Chloe Adams
25%
Don't cha The Pussycat Dolls, Busta Rhymes
25%
Down with the sickness Disturbed
25%
Dream on Aerosmith
25%
Drippy dub Panda Eyes
25%
Duje Albina Dhe Familja Kelmendi
25%
Echo Iru
25%
Echte liefde Steen, Spinal
25%
Empires Alicja
25%
Empress Atara Ara
25%
Euphoria Loreen
25%
Every minute Eric Saade
25%
Faded Alan Walker
25%
Faint Linkin Park
25%
Fathomless maw Chelsea Grin
25%
Fear of the dark Iron Maiden
25%
Feel invincible Skillet
25%
Fly with me Artsvik
25%
Freedom Nicklass Sonne
25%
FREYA Maria Celin
25%
Fuego Eleni Fureira
25%
Funny girl Laura Rizotto
25%
Fury of the storm Dragonforce
25%
Future lover Brunette
25%
Gasoline I Prevail
25%
Gimme more Britney Spears
25%
Girls ROXOLANA
25%
Goodbye Blacklite District
25%
Goodbye to yesterday Elina Born & Stig Rasta
25%
Gravity Hovig
25%
Hail to the king Avenged Sevenhold
25%
Halo Beyonce
25%
Hard rock hallelujah Lordi
25%
Hate creation Whitechapel
25%
Hatefuck Cruel Youth
25%
Hatrid mun sigra Hatari
25%
Haze Tessa Violet
25%
Heartbeat Justs Sirmais
25%
Heartbreaker Pat Benetar
25%
Heart vs. mind I Prevail
25%
Heaven knows Pretty Wreckless
25%
Hey man nice shot Filter
25%
Highway to hell ACDC
25%
History will not repeat Jessie Paege
25%
Hit the floor Bullet for my valentine
25%
Hold me closer Cornelia Jacobs
25%
Hollow people The Cruel Knives
25%
Holy wars...the punishment due Megadeth
25%
Hot for teacher Van Halen
25%
Hot n cold Katy Perry
25%
House of glass Janek
25%
Hurricane I Prevail
25%
Icebreaker Agnete Saba
25%
If love was a crime Poli Genova
25%
Ikke benne geile turk Achmed T de Druif
25%
I'm a slave 4 u Britney Spears
25%
I miss the misery Halestorm
25%
I'm letting you go Aminata
25%
In corpore sano Konstrakta
25%
In the middle of the night Within Temptation
25%
Into the storm Gojira
25%
Is it right Elaiza
25%
It's my life Cezar
25%
I was made for lovin' you Kiss
25%
I wrote a song Mae Muller
25%
Je ne sais quoi Hera Bjork
25%
Just so you know Blacklite district
25%
K3 MaMaSé hardstyle edit Dj.Neyt
25%
Keep the faith Tamara Gachechiladze
25%
Korake ti znam Maya Sar
25%
Kruna Nevena Bozovic
25%
Ktheju tokes Jonida Maliqi
25%
La forza Elina Nechayeva
25%
Legends never die League of legends
25%
Lekker met de meiden Merol
25%
Liar Harina
25%
Lijepa tena Igor Cukrov, Andrea Susnjara
25%
Living in a nightmare Blacklite district
25%
Loco loco Hurricane
25%
Lonely day System of a down
25%
Lost & found Eye Cue
25%
Lost on you LP
25%
Love injected Aminata
25%
Love, lust and liars I Prevail
25%
Love unlimited Sofi Marinova
25%
Mascara Ill Nino
25%
Midnight sky Miley Cyrus
25%
Miracle Ovi & Paula Seling
25%
Misery business Paramore
25%
Move The Mamas
25%
Mr. Watson Cruel Youth
25%
My own grave As i lay dying
25%
My slowianie Donatan, Cleo
25%
My turn Martina Barta
25%
Mz. Hyde Halestorm
25%
Nemesis Arch Enemy
25%
Neverending Frozen Crown
25%
New rules Dua Lipa
25%
Night witches Sabaton
25%
No business on the dancefloor Keira
25%
Nocturne Secret Garden
25%
No one Maja Keuc
25%
No respect for disrespect Lord of the Lost
25%
No tears left to cry Ariana Grande
25%
Nothing else matters Metallica
25%
Not the same Sheldon Riley
25%
N'oubliez pas Lisa Angell
25%
Nova deca Sanja Ilic & Balkina
25%
On a sunday Ester Peony
25%
One more day Eldrine
25%
One way or another Blondie
25%
On fire The Roop
25%
Oniro mou Yianna Terzi
25%
Only love can hurt like this Paloma Faith
25%
OPA Giorgos Alkaios, Friends
25%
Our truth Lacuna Coil
25%
Overdose The Cruel Knives
25%
Overkill Motorhead
25%
Pacify her Melanie Martinez
25%
Paho-Pahehbko Go_A
25%
Paranoid Black Sabbath | I Prevail
25%
Phantom of the opera Floor Jansen & Henk Poort
25%
Pieter post Nederlandse Hardstyle
25%
play destroy Poppy
25%
Playing with fire Ovi & Paula Seling
25%
Playing with numbers Molly Sterling, Greg French
25%
Poupée de cire, poupée de son France Gall
25%
Promise Voyager
25%
Proud Tamara Todevska
25%
Psychosocial Slipknot
25%
Pulkka Vesala
25%
Queen of kings Alessandra
25%
Quiero arder Agoney
25%
Rad dogs Vivid BAD SQUAD
25%
Raining blood Slayer
25%
Recreant Chelsea Grin
25%
Replay Tamta
25%
Rollercoaster The Starlings
25%
Runaway Aurora
25%
Running with the wolves Aurora
25%
Samo mi se spava Luke Black
25%
Scar Foxes
25%
Scream aim fire Bullet for my valentine
25%
Serial killer Moncrieff, JUDGE
25%
Shady lady Ani Lorak
25%
She got me Luca Hanni
25%
Shepherd of fire Avenged Sevenhold
25%
SHUM Go_A
25%
Slangen Famke Louise
25%
SloMo Chanel
25%
Smoke on the water Deep Purple
25%
Solovey Go_A
25%
Sorry Meg Myers
25%
Soul snatcher Dex Arson
25%
Sound of silence Dami Im
25%
South of heaven Slayer
25%
Stapelgek (Suzanne) Lange Frans & Baas B
25%
Statements Loreen
25%
Stay Monika Linkyte
25%
Stillborn Black label society
25%
Stones Zibbz
25%
STOP Grace Blue
25%
Sudden death Megadeth
25%
Summer son Enemy Inside
25%
Sweet people Alyosha
25%
Symphony of destruction Megadeth
25%
Systematic While she sleeps
25%
Taken by a stranger Lena
25%
Tattoo Loreen
25%
Tears don't fall Bullet for my valentine
25%
That's rich Brooke
25%
The devil went down to Georgia Steve Ouimette
25%
The eagle flies alone Arch Enemy
25%
The enemy I Prevail
25%
The fighter In this moment
25%
The kill Thirty seconds to mars
25%
The last fight Bullet for my valentine
25%
The life that we made The Cruel Knives
25%
The number of the beast Iron Maiden
25%
The poison Bullet for my valentine
25%
The reckoning Whithin Temptation
25%
The saw is the law Whitechapel
25%
The sound of truth As i lay dying
25%
The struggle Blacklite district
25%
The trooper Iron Maiden
25%
This day we fight! Megadeth
25%
Through the fire and the flames Dragonforce
25%
Time O. Torvald | Uzari, Maimuna
25%
Too good for your love Adgy
25%
To the edge Lacuna Coil
25%
Traag Bizzey
25%
Trapped under ice metallica
25%
Tu te reconnaitras Anne-Marie David
25%
Undo Sanna Nielsen
25%
Unholy confession Avenged Sevenhold
25%
Unicorn Noa Kirel
25%
UNO Little Big
25%
Unravel TK from Ling tosite sigure
25%
Unsainted Slipknot
25%
Up Cardi B
25%
Ven a bailar conmigo Guri Schanke
25%
Venom Ollie
25%
Villain Rain Paris
25%
Vislat nyar AWS
25%
Voda Ana Soklic
25%
Warrior Amber | Nina Sublatti
25%
Watergun Remo Forrer
25%
Waterloo Abba
25%
What I've done Linkin Park
25%
When god shut the door Jerry Heil
25%
When we're old Ieva Zasimuskaite
25%
Where I am Anja Nissen
25%
Whore In this moment
25%
Wild dances Ruslana
25%
Wild horses Bishop Brigss
25%
Worthless Bullet for my valentine
25%
Wym Go_A
25%
X Poppy
25%
You broke me first Tate McRae
25%
You don't do it for me anymore Demi Lovato
25%
Zitti e buoni Maneskin
25%
Zombie Miley Cyrus | The cranberries
25%
Adrenalina Senhit, Flo Rida
0%
Afterlife XYLO
0%
Alchohol is free Koza Mostra, Agathonas Lakovidis
0%
All of my love Destiny
0%
A matter of time Sennek
0%
Antisocial TRUST
0%
Apocalypse Ciggarets after sex
0%
Are you with me Lost Frequencies
0%
Attack Xtrullor
0%
Bad apple!! RichaadEB, Cristina Vee
0%
Beautiful mess Kristian Kostov
0%
Belgie ... (is er leven op pluto) Het goede doel
0%
Bitch Allie X
0%
Black smoke Ann Sophie
0%
Black widow of la porte John 5
0%
Breathe Vladana
0%
Centuries Fall out boys
0%
Chains on you Athena Manoukian
0%
Checkmate Brooke
0%
Clarity Atilla
0%
Corossive Xtrullor
0%
Crazy train Ozzy Osbourne
0%
Cvet z juga Alenka Gotar
0%
Dance with the devil Breaking Benjamin
0%
Dark paradise Lana Delray
0%
Deadweight I Prevail
0%
Deceivers I Prevail
0%
Devil side Foxes
0%
Dob6yw Fiinka
0%
Downtown Allie X
0%
Du hast Rammstein
0%
Dum tek tek Hadis
0%
Ela Andromache
0%
E.T. First to Eleven
0%
Everlong Foo Fighters
0%
Evidemment La Zarra
0%
Eyes that never lie Petr Elfimov
0%
Face your demons I Prevail
0%
Fall from the sky Arileena Ara
0%
Flesh Baby Chaos
0%
Freak Lana Delray
0%
Freak on a leash Korn
0%
Ghost Jamie-Lee
0%
Ghosting Pam Rabbit
0%
Gimme! gimme! gimme! (a man after midnight) Abba
0%
Given up Linkin Park
0%
Go fuck yourself Two Feat
0%
Guys my age Hey Violet
0%
Hammer of thor Oda Gondronsen
0%
Hand of blood Bullet for my valentine
0%
Hanger 18 Megadeth
0%
Hope never dies Vaclav Noid Barta, Marta Jandova
0%
Hostage Chelsea Grin
0%
How to survive Of mice and men
0%
Human Rag'n'Bone
0%
I am yours The Makemakers
0%
I can't go on without you KALEO
0%
Ich will Rammstein
0%
If you were a woman (And i was a man) Bonnie Tyler
0%
Illusion Krassimir Avromov
0%
I'm broken Pantera
0%
Island of dreams Freedom Call
0%
Issues Julia Michaels
0%
I stand Gabriela Guncikova
0%
I was gonna mary him EYJAA
0%
Jan-jan Inga & Anush
0%
Karma Anxhela Prehisteri
0%
Knights of cydonia Muse
0%
La bamba Los Lobos
0%
L'amore e' femina Nina Zilli
0%
Last friday night (T.G.I.F.) Katy Perry
0%
L'enfer et moi Amandine Bourgois
0%
Like a G6 Far east moment
0%
Love bites (So do I) Halestorm
0%
LoveWave Iveta Mukuchyan
0%
Madness Ruelle
0%
Make a move Icon for Hire
0%
Matricide Munro
0%
Melodies of hope Patty Gurdie
0%
Mirror, mirror TRUU, Teya
0%
Miss you Jeremie Makiese
0%
Monsters Saara Alto
0%
Mr. Crowley Ozzy Osbourne
0%
Mr. Vain Culture Beat
0%
Muskarcina Sara Jo
0%
My curse Killswitch engage
0%
My mother told me Alina Gingertail
0%
Nasci Maria Claudia Pascoal
0%
Native colossus Shield of Wings
0%
Never forget Greta Salome & Jonsi
0%
Next life In this moment
0%
No degree of seperation Francesca Michilin
0%
Nrpa ha Bbixnbahne OnopNDa
0%
Only teardrops Emmelie de Forest
0%
Paint it, black The rolling stones
0%
Paper planes M.I.A.
0%
Parabola Tool
0%
Paranoia Neoni
0%
Prayer of the refugee Rise Against
0%
Prisoner of society The living end
0%
Pull me under Dream theater
0%
Qélé qélé Sirusho
0%
Rak bishvilo Moran Mazor
0%
Re-education (through labor) Rise Against
0%
Release me Hooverphonic
0%
Ride Twenty one pilots
0%
Running up that hill (A deal with god) Kate Bush
0%
Sanomi Urban Trad
0%
Scars I Prevail
0%
Schism Tool
0%
Screamroom Xtrullor
0%
Sense tu Jenny
0%
Sentimentai Monika Liu
0%
Shadows of forgotten ancestors Alina Pash
0%
Shine Natalia Kelly
0%
Silence calls the storm Quo Vadis
0%
Single ladies (put a ring on it) Beyonce
0%
Siren song Maruv
0%
Skeletons Dihaj
0%
Soarele si luna Pasha Parfeny
0%
Spirit in the sky Keiino
0%
Still breathing Samantha Tina
0%
Stricken Disturbed
0%
Sweet child o' mine Guns n Roses
0%
Sweet dreams (Are made of this) Marilyn Manson
0%
Tear me to pieces Meg Myers
0%
T.F.F.B. Galnerius
0%
This fire Killswitch Engage
0%
This war is ours (The guillotine II) Escape the Faith
0%
Three 6 Atilla
0%
Thunderstruck ACDC
0%
Ticks & leaches Tool
0%
Time leaper Hinkik
0%
T'inquiete Gala Dragot
0%
T.N.T. ACDC
0%
Tourner dans le vide Indila
0%
Toxic Britney Spears
0%
Vicarious Tool
0%
Waidmanns heil Rammstein
0%
Walk Pantera
0%
Walk on water Iru Losco
0%
Warpath Fit for a king
0%
Way down we go KALEO
0%
Welcome to the jungle Guns n Roses
0%
When the music dies Sabina Babayeva
0%
Winterblood - The sequel Emil Bulls
0%
You & Jennifer Bulow
0%
You give lord a bad name Bon Jovi
0%
You make me sick Of mice and men
0%
Your betrayel Bullet for my valentine
0%
Ziggurat KaixoMusic
0%
Zinau tai tu I.T.
0%
No matching quizzes found
Score Distribution
Percent of People with Each Score
Percentile by Number Answered
Your Score History
You have not taken this quiz